000 00724 a2200193 4500
999 _c7782
_d7782
020 _a812032353X
050 _aT 58.6 LAU 2004
100 _aLaudon, Kenneth C.
_eauthor
245 _aManagement information systems :
_bmanaging the digital firm /
_cKenneth C Laudon; Jane Price Laudon
250 _a8th edition
264 _aUpper Saddle River, N.J. :
_bPrentice Hall,
_c20004.
300 _axxxii, 534p. :
_bill. (col.) ; 29cm.
500 _aIncludes bibliographical references and index.
650 _aManagement information systems.
650 _aInformation technology - management.
650 _aInformation resources management.
700 _aJane Laudon
_eauthor
942 _2lcc
_cBK
_e8th edition
_h58.6
_iLAU
_kT